Culture générale 100 questions progressives (4) - Statistiques

Statistiques générales
  • Ce quiz a été pris 946 fois
    644 depuis la dernière actualisation
  • Le résultat moyen est 22 sur 100
Statistiques - réponses
% Question Réponse % Correct
2 Dans quel pays se trouvent la Castille et la Catalogne Espagne
100%
1 Qui a dirigé l'URSS de 1920 à 1953 ? Staline
100%
3 Qui est le réalisateur de "Parle avec elle" et "Volver" Pedro Almodovar
69%
7 Quelle est la couleur du rubis ? Rouge
61%
5 Quel pays a remporté la coupe du monde de football en 2014 ? Allemagne
60%
39 De quel pays les Playmobils sont-ils originaires ? Allemagne
60%
6 Quel est l’accent du deuxième e sur le mot FENETRE ? Un accent... circonflexe
59%
4 Le Bon, la Brute, le Truand est un film de… Sergio Leone
58%
8 Dans les contes, par quel mot désigne-t-on une belle-mère cruelle ? Marâtre
56%
10 Combien de jours une année bissextile compte-t-elle ? 366
54%
11 Que collectionne un philatéliste ? Les... Timbres
54%
9 Dans quelle ville italienne l’action de la pièce de Shakespeare « Roméo et Juliette » se situe-t-elle ? Vérone
54%
12 Qui était le dieu de la guerre dans la mythologie grecque ? Arès
52%
13 Le mot stère est-il masculin ou féminin ? Masculin
52%
14 En combien de temps la Terre tourne-t-elle autour du Soleil ? (arrondi) 365 jours
44%
15 De quel pays Dubaï fait-elle partie ? Emirats arabes unis
44%
16 Quelle est la capitale économique de la Suisse ? Zurich
43%
17 Que symbolise le maillot blanc dans le tour de France ? Le meilleur... Jeune
39%
18 À quel compositeur doit-on les bandes-son de films comme « Il était une fois en Amérique », « Pour une poignée de dollars », ou le « Le clan des Siciliens » ? Ennio Morricone
35%
19 Qui est l'empereur allemand en 1913 ? Guillaume II
31%
20 Qu’est-ce que Reuters ? Une agence de presse
29%
21 L'air du temps est un parfum de ... Nina Ricci
25%
26 Combien de minutes dure un combat de judo en séniors ? (en chiffres) 5
24%
42 Quelle zone du Cachemire contrôlée par la Chine est-elle revendiquée par l’Inde ? L’ Aksai Chin.
24%
40 Dans quelle ville peut-on déambuler dans le Prater ? Vienne
24%
27 Quel est l’impératif du verbe feindre à la première personne du pluriel ? Feignons !
23%
64 Combien de tentacules la pieuvre a-t-elle ? (en chiffres) 8
22%
51 Quel pays le Royaume-Uni a-t-il affronté au cours de la guerre des Malouines en 1982 ? Argentine
22%
94 Dans quel pays la révolution de 1943 eut-elle lieu ? Argentine
22%
23 Dans quel État des États-Unis le Grand Canyon se trouve-t-il ? En/dans Arizona
22%
22 Qu’est-ce qu’une mitre ? Une coiffure
22%
24 Quel était l’instrument de prédilection de Yehudi Menuhin ? Le/la violon
21%
65 Quelle race d’animal est un briard ? Un... chien
20%
30 En quelle année le groupe Village People a-t-il chanté « In the navy » ? 1979
19%
31 « Vous n’avez pas le monopole du coeur ». À qui Valéry Giscard d’Estaing s’adresse-t-il ? François Mitterrand
19%
53 À quel poète attribue-t-on la rédaction de l’Illiade et l’Odyssée ? Homère
19%
28 Qui était Albert Londres ? Un Journaliste
19%
52 Quel animal était appelé au Moyen Âge le goupil ? Renard
19%
49 Quel animal est « pan-pan » dans Bambi ? Lapin
18%
61 Qu’est-ce qu’un géant des Flandres ? Un... lapin
18%
36 Qui a composé « L’Ode à la joie », hymne de l’Union européenne ? Ludwig van Beethoven
18%
44 À partir de quel fruit le Cointreau est-il fabriqué ? Orange
18%
41 Quel pays a pour devise « Je maintiendrai » ? Pays-Bas
18%
34 Qui a créé le parfum Opium ? Yves Saint-Laurent
18%
43 Quelle entreprise, fondée par Jack Ma, a longtemps dominé le commerce électronique en Chine ? Alibaba
17%
47 Dans quel pays est le signal de Botrange ? Belgique
17%
48 Avec la laine de quel animal fait-on du cachemire ? Chèvre
17%
29 De quel écrivain la « Comédie humaine » est-elle la grande œuvre ? Honoré de Balzac
17%
46 En quelle année Youri Gagarine a-t-il effectué son vol dans l’espace ? 1961
16%
25 Par quel terme générique désigne-t-on les maladies chroniques provoquant des inflammations des articulations ? Arthrite
16%
66 À quel écrivain doit-on le personnage de Boule de Suif ? Guy de Maupassant
16%
50 Comment nomme-t-on un polygone à sept côtés ? Heptagone
16%
35 Où Mozart est-il né ? Salzbourg
16%
54 À quel mouvement littéraire peut-on rattacher André Breton ? Surréalisme
16%
32 Quelle actrice a joué le rôle de Nadia dans « Rocco et ses frères » ? Annie Girardot
15%
33 Comment nomme-t-on un bateau à deux coques parallèles ? Un... catamaran
15%
56 Quel pays européen a été durement touché par la crise des années 2010 qu’il a été menacé de faillite ? Grèce
15%
37 Comment nomme-t-on un quatuor dans le jazz ? Quartet
15%
62 Quel est l’aéroport le plus fréquenté au monde ? Atlanta
14%
57 Quel président a succédé à Georges Bush père en 1992 ? Bill Clinton
14%
71 Dans quel pays la ville de Winnipeg se trouve-t-elle ? Canada
14%
45 « À vaincre sans péril, on triomphe sans gloire ». À qui doit-on cette phrase ? Pierre Corneille
14%
38 Quel oiseau peut-être ramier, biset ou colombin ? Le Pigeon
14%
67 Quelle est cette langue : Kaikki ihmiset syntyvät vapaina ja tasavertaisina arvoltaan ja oikeuksiltaan.? Finnois
13%
63 Qui incarne Cyrano de Bergerac dans le film de 1990 ? Gérard Depardieu
13%
69 Qui a dit : « Ich bin ein Berliner » ? John Kennedy
13%
68 Quelle entreprise, fondée par Elon Musk, développe des voitures électriques sportives ? Tesla
13%
73 Près de quel pays le détroit de Brass se trouve-t-il ? Australie
12%
55 Qui a initié la Coupe du monde de football.? Jules Rimet
12%
78 Où décerne-t-on l’ours d’or ? Berlin
11%
72 À quel compositeur doit-on « Nabucco » ? Giuseppe Verdi
11%
58 Quel révolutionnaire et grand orateur a déclaré en 1792 : « De l’audace, encore de l’audace, toujours de l’audace. » Georges Danton
10%
70 De quoi l’ours Paddington se nourrit-il ? De marmelade
10%
74 Quel acteur américain joua le personnage principal d'« Interstellar », film de 2014 de Christopher Nolan ? Matthew MacConaughey
10%
75 Dans quelle ville le palais de Charlemagne se situait-il ? Aix-la-Chapelle
9%
79 Pour quel roman de Marguerite Duras a-t-elle reçu le prix Goncourt en 1984 ? L'Amant
9%
59 Quel est l’album le plus vendu de l’histoire ? (titre de l'album en 1 mot) Thriller
9%
60 Après quelle bataille François Ier déclare-t-il : « Tout est perdu, fors l’honneur. » ? Pavie
8%
80 À quelle date l’intrigue de Notre-Dame de Paris de Victor Hugo se déroule-t-elle ? (année) 1482
7%
76 À quel écrivain doit-on « Le Monde perdu » où vivent encore des dinosaures ? Conan Doyle
7%
77 Que mesure un anémomètre ? Le... vent
7%
95 Quelle était la profession de Robert Estienne ? Imprimeur
6%
83 Quel roi avait pour devise « Qui s’y frotte, s’y pique » ? Louis XII
6%
82 Qui est le créateur des Schtroumpfs ? Peyo
6%
81 De quel écrivain « L’homme sans qualités » est-elle la grande œuvre ? Robert Musil
6%
96 Qui était la chanteuse des Supremes entre 1961 et 1970 ? Diana Ross
5%
85 Quel est l’athlète le plus titré de l’histoire des Jeux Olympiques ? Michael Phelps
5%
84 Qui joue le mari vengeur de Romy Schneider dans « Le vieux fusil » ? Philippe Noiret
5%
86 En solfège, comment appelle-t-on le silence qui dure un temps ? Un... soupir
5%
97 Qui a beaucoup peint la montagne Ste Victoire Paul Cézanne
4%
91 Quel félin a donné son nom à un roman de Joseph Kessel ? Le lion
3%
99 Vers quel astre la fusée de la Nasa Artémis I a-t-elle décollé ? Lune
3%
98 De l’œuvre de quel écrivain est tirée la célèbre question « Que sais-je ? » Montaigne
3%
88 Quel est le nom de la fameuse famille mafieuse du roman et de la série de films Le Parrain ? Corleone
2%
100 Une carte à l'échelle 1:900 indique que je suis à 33 centimètres de ma destination. À combien de mètres suis-je de ma destination ? 297
1%
89 Qui est le réalisateur de l’Ange bleu, avec Marlène Dietrich à l’affiche ? Josef von Sternberg
1%
90 On doit les paroles du « chant des partisans » à Joseph Kessel et à … Maurice Druon
1%
87 On dit qu’un étourneau… pisote
1%
92 Qu’est-ce qu’une doline ? Une... (2 mots) dépression géologique
0%
93 Qui joue Lawrence d’Arabie dans le film du même nom ? Peter O'Toole
0%
Aucun quiz correspondant
Distribution des résultats
% des personnes avec chaque résultat
Percentile par nombre de réponses
Votre historique - résultats
Vous n’avez pas pris ce quiz depuis la dernière actualisation